Random Knowledge Quiz #22 - Statistics

General Stats
  • This quiz has been taken 240 times
  • The average score is 9 of 15
Answer Stats
Question Answer % Correct
Which row number do surprisingly many airlines skip in their planes? 13
87%
Which Ancient Greek word roughly translates to "I have found it!" and is often used when someone makes a discovery? Eureka
82%
Where was paper invented? China
80%
Which famous playwright invented the name Jessica? William Shakespeare
78%
Finish this proverb: "Absence makes the heart grow..." Fonder
72%
What does the abbreviation PC stand for? Personal Computer
71%
What is the only continent without active volcanoes? Australia
70%
Which movie was originally planned to be titled "Made in Taiwan", "Moving Buddies", or "Toyz in the Hood"? Toy Story
66%
What is the day after Thanksgiving called? Black Friday
59%
What is the sun mostly made up of? Hydrogen
58%
What is both a reading device and a name for a group of kittens? Kindle
58%
Who invented printing press? Johannes Gutenberg
54%
How many gifts are given in total in "The Twelve Days of Christmas"? 364
48%
Which award show did NBC refuse to air in 2022 due to controversy over questionable practices and lack of diversity? The Golden Globes
23%
What was the first museum to remove the name 'Sackler'? The Louvre
23%
No matching quizzes found
Score Distribution
Percent of People with Each Score
Percentile by Number Answered
Your Score History
You have not taken this quiz